Responses for Show #2502 - Tuesday, June 20, 1995

Contestants

[<< previous game]

Anna Halligan, an English teacher from Endwell, New York

James Excell, a postal clerk from Denver, Colorado

Ed McIntyre, a part-time newspaper copy editor from Durham, North Carolina (whose 1-day cash winnings total $16,700)

[next game >>]

Jeopardy! Round responses

MUSICAL INSTRUMENTS
SPORTS
AROUND THE WORLD
FRUITS & VEGETABLES
TELEVISION
ANAGRAMS
    $100 1
the violin

Anna
    $100 26
the Chicago Bears

Anna
    $100 18
New Zealand

James
    $100 8
the orange

Anna
    $100 6
Michael Fox

James
    $100 13
the map (from Pam)

Anna
    $200 2
the harp

James
    $200 27
Jackie Joyner-Kersee

Ed
    $200 19
noodles

James
    $200 9
the bean

James
    $200 7
60 Minutes

Anna
    $200 14
a raise (from arise)

Ed
    $300 3
the bugle

Anna
    $300 28
Fuzzy

Ed
    $300 20
Trieste

James
    $300 10
the beet

Anna
    $300 22
Married... with Children

James
    $300 15
pots (from stop)

Ed
    $400 4
a conga drum

Ed
    $400 29
Man O' War

Ed
    $400 21
Milan

Ed
    $400 11
Brussels sprouts

Anna
    $400 24
Bonanza

Anna
    $400 16
daily (from Lydia)

Ed
    $500 5
the bagpipes

Ed
    $500 30
the high-five

Ed
    $1,000 23
(James: What's the Danube?)
...
(James: I was thinking blue.)

the Orange River

James
    $500 12
the mango

Anna
    $500 25
William Devane

James
    $500 17
the wand (from dawn)

Anna

Scores at the first commercial break (after clue 15):

Ed James Anna
$1,400 $500 $2,000

Scores at the end of the Jeopardy! Round:

Ed James Anna
$3,600 $900 $3,000

Double Jeopardy! Round responses

WORLD RELIGIONS
MOUNTAINS
DECORATIVE ARTS
HISTORIC NAMES
POETRY
WORD ORIGINS
    $200 7
the Mormon Church

Ed
    $200 21
Switzerland

Ed
    $200 25
(Alex: We have about a minute to go.)

ivory

James
    $200 1
Alexander Hamilton

Ed
    $200 6
Lincoln

James
    $200 16
famine

James
    $400 12
Zen

Anna
    $400 22
John F. Kennedy

Ed
    $400 30
a tapestry

James
    $400 2
(Cardinal) Richelieu

James
    $400 8
Byron

Ed
    $400 17
tea

Anna
    $600 13
Rosh Hashanah

James
    $600 23
Kilimanjaro

Anna
    $600 27
London

Anna
    $600 3
Sitting Bull

James
    $600 9
of tan

Ed
    $600 18
tourmaline

Anna
    $800 14
Muhammad

James
    $800 24
(James: What is, uh, Everest?)

K2

James
Triple Stumper
    $800 28
jade

Anna
    $800 4
(Anna: Who is Newton?)

(Johannes) Kepler

EdAnna
    $800 10
Keats

James
    $800 19
a kiosk

Ed
    $1000 15
(James: What's Hinduism?)

Sikhism

James
Triple Stumper
    $1000 26
Pinatubo

James
    $1000 29
batik

James
    $2,000 5
Trajan

Ed
    $1,500 11
"The Charge of the Light Brigade"

James
    $1000 20
civet (the civet cat)

Triple Stumper

Scores at the end of the Double Jeopardy! Round:

Ed James Anna
$9,200 $6,800 $5,600

[wagering suggestions for these scores]

Final Jeopardy! Round responses

ORGANIZATIONS
AnnaWhat was is the Daughters of the American Revolution
$5,500
JamesWhat is the D.A.R.
$6,800
EdWhat is the D.A.R.?
$4,401
(The National Society of) the Daughters of the American Revolution

Final scores:

Ed James Anna
$13,601 $13,600 $11,100
2-day champion: $30,301 2nd place: Singer dining room set + RCR crystal stemware + Jeopardy! home game 3rd place: Gruen watches + Jeopardy! home game

Game dynamics:

Coryat scores:

Ed James Anna
$8,200 $7,300 $5,600
19 R
(including 1 DD),
0 W
20 R
(including 1 DD),
3 W
(including 1 DD)
17 R,
1 W

Combined Coryat: $21,100

[game clues] [game scores] [suggest correction]

Game tape date: 1995-02-08
The J! Archive is created by fans, for fans. Scraping, republication, monetization, and malicious use prohibited; this site may use cookies and collect identifying information. See terms. The Jeopardy! game show and all elements thereof, including but not limited to copyright and trademark thereto, are the property of Jeopardy Productions, Inc. and are protected under law. This website is not affiliated with, sponsored by, or operated by Jeopardy Productions, Inc. Join the discussion at JBoard.tv.